00413nam a2200145Ia 4500008004100000020001800041041000800059082001700067100001600084245007700100260002500177300000800202365001700210700004000227230718s9999 xx 000 0 und d a9789352138708 aeng a658.575bBAN aBanfield R. aDesign SprintbA Practical Guidebook For Building Great Digital Products c2019bSPD / O'reilly a240 cRs.b1225.00 aBanfield R.; Lombardo C.T. & Wax T.